En reposo
Zapisane w:
| 1. autor: | |
|---|---|
| Format: | Książka |
| Język: | hiszpański |
| Wydane: |
Santiago
Nascimento
1956
|
| Hasła przedmiotowe: | |
| Etykiety: |
Dodaj etykietę
Nie ma etykietki, Dołącz pierwszą etykiete!
|
MARC
| LEADER | 00000nam a2200000 a 4500 | ||
|---|---|---|---|
| 001 | UCZ8991 | ||
| 003 | CL-VaPUC | ||
| 008 | 960126e19560000CL |||||||||||||||||spa|d | ||
| 082 | 0 | 4 | |a Ch863 |b LIL |2 21 |
| 100 | |a Lillo, Victoriano |e autor |9 505175 | ||
| 245 | 1 | 0 | |a En reposo |
| 300 | |a 233 p | ||
| 942 | |c BK | ||
| 945 | |d 19960126 00:00:00 |a rleighto | ||
| 260 | |a Santiago |b Nascimento |c 1956 | ||
| 650 | 0 | |a Novelas chilenas |9 265425 | |
| 583 | |a last modification |c 19960126 00:00:00 |k Rodrigo Vera | ||
| 999 | |c 244639 |d 244637 | ||
| 952 | |0 0 |1 0 |4 0 |6 CH_863_000000000000000_LIL_1956 |7 0 |8 A |9 258784 |a BIBEDU |b BIBEDU |d 2019-11-19 |i 3174212 |o Ch863 LIL 1956 |p 3174212 |r 2019-11-19 |w 2019-11-19 |y BK |k LIT | ||